000 01251cam a22002531 4500
001 e 42000135
003 DLC
005 20260227111230.0
008 800229s1941 dcuaf f000 0 eng c
010 _ae 42000135
035 _a(OCoLC)6034397
040 _aU.S. Off. of educ. Library
_cOCl
_dDLC
042 _apremarc
050 0 0 _aLC1045
_b.A25 no. 219
082 _a370.73
100 1 _aSwanson, Herbert Barthold,
_d1892-
245 1 4 _aThe state and the preservice preparation of teachers of vocational education (federally aided programs)
_cPrepared by Herbert B. Swanson, senior specialist in agricultural education (teacher training) Federal security agency, Paul V. McNutt, administrator. U.S. Office of education, John W. Studebaker, commissioner.
260 _a[Washington,
_bU.S. Govt. print. off.,
_c1941]
300 _ax, 138 p. incl. tables, diagr.
_bpl.
_c23 cm.
490 0 _aUnited States. Office of education. Vocational division bulletin
_vno. 219. General series no. 6
501 _aWith : Selling home furnishings / Roscoe R. Rau and Walter F. Shaw. Washington : Govt. Print. Off., 1941. Bound together subsequent to publication.
_5DLC
650 0 _aTeachers
_xTraining of.
650 0 _aVocational education
_zUnited States.
999 _c21860
_d21860